1503 1321 1607 1134 1178 1039 1599 1997 1828 1477 1041 1670 1339 1216 1125 1054 1947 1561 1050 1697 1184 1558 1094 1995 1777 1688 1611 1271 1520 1451 1153 1274 1881 1653 1531 1160 1086 1499 1272 1102 1965 1868 1148 1526 1626 1313 1482 1880 1422 1293 1883 1669 1171 1149 1661 1492 1042 1200 1499 1858 1703 1905 1758 1546 1317 1134 1293 1168 1971 1908 1569 1256 1761 1802 1182 1384 1831 1070 1072 1770 1456 1589 1706 1213 1075 1307 1522 1256 1020 1542 1719 1088 1215 1138 1775 1678 1812 1981 1024 BCNSPRNW ULIB Ver.6.0+V

เปลี่ยนเป็นภาษาไทย

Change to English
 แสดงรายละเอียดบรรณานุกรม
  กลับหน้าหลัก

Brief Record : Get Marc (ISO 2709) : E-mail record : QR code < ปิดหน้าต่าง
LEADER : 00000nam 2200000uu 4500
001    13399114516
003     ULIB
008    120411s2552||||th 000 0 tha d
020    ^a9786117190223
090    ^aนว.^bว276ป 2552
100 0  ^aวรวลัญช์
245 00 ^aปลายทางกามเทพ /^cวรวลัญช์
250    ^aพิมพ์ครั้งที่ 1
260    ^aกรุงเทพฯ :^bอินเลิฟ,^c2552
300    ^a388 หน้า
710 1  ^aอินเลิฟ
945    ^p275^l0^i15775
995    ^aกัณชพร
999 ^a ใช้งานได้ทุกระบบ
รายการนี้ยังไม่มีแท็ก
คุณยังไม่ได้ล็อกอิน คุณสามารถมีกิจกรรมร่วมกับเว็บไซต์ได้ แต่ต้องล็อกอินก่อน ::
  ล็อกอิน

รายการสื่อสารสนเทศ

ลำดับที่ ประเภท เลขเรียก/บาร์โค้ด สถานที่ สถานะ
1. นวนิยาย
นวนิยาย
นว. ว276ป 2552  
  Barcode: 15775
ห้องสมุดวิทยาเขตสวรรค์ประชารักษ์
►นวนิยาย
บนชั้น
  ขอยืม

BibComment


ยังไม่เคยถูกคอมเมนท์

คอมเมนท์ทรัพยากรรายการนี้
  คอมเมนท์: ปลายทางกามเทพ ว..


 Copyright 2026. Bcnsprnw @Library